[Event "Moscow Aeroflot op-A 16th"]
[Site "Moscow"]
[Date "2017.03.01"]
[Round "9"]
[White "Kuzubov, Yuriy"]
[Black "Korobov, Anton"]
[Result "0-1"]
[WhiteElo "2643"]
[BlackElo "2691"]
[PlyCount "82"]
[EventDate "2017.02.21"]
[EventType "swiss"]
[EventRounds "9"]
[EventCountry "RUS"]
[SourceTitle "CBM 177"]
[Source "ChessBase"]
[SourceDate "2017.03.16"]
[SourceVersion "1"]
[SourceVersionDate "2017.03.16"]
[SourceQuality "1"]

1. c4 e6 2. Nf3 d5 3. d4 c6 4. Bg5 Be7 5. Bxe7 Qxe7 6. e3 Nf6 7. Nbd2 O-O 8. Bd3 ({RR} 8. Rc1 b6 9. Bd3 Bb7 10. O-O Nbd7 11. Qe2 c5 12. cxd5 Nxd5 13. Nb3 cxd4 14. Nfxd4 Rac8 15. Ba6 N7f6 16. h3 Ne4 17. a3 Nc5 18. Nxc5 Rxc5 19. Rxc5 bxc5 20. Nf3 Bxa6 21. Qxa6 Rb8 22. Rc1 Rxb2 {Kuzubov,Y (2635)-Polivanov,A (2426) Lutsk 2016 0-1 (54)}) 8... Nbd7 9. Qc2 dxc4 10. Bxc4 $146 ({RR} 10. Nxc4 c5 11. O-O cxd4 12. Nxd4 e5 13. Nf5 Qe6 14. Ncd6 Nb6 15. Qe2 Bd7 16. Rfd1 g6 17. Nh6+ Kg7 18. Bf5 gxf5 19. Ndxf5+ Kh8 20. Rd6 Qc4 21. Qxc4 Nxc4 22. Rxf6 Be6 23. b3 Nb6 24. Ng3 Nd5 {Druska,J (2035)-Sokol,L (2166) Slovakia 2009 ½-½ (61)}) ({RR} 10. Nxc4 c5 11. O-O b5 12. Nce5 c4 13. Be4 Nxe4 14. Qxe4 Nxe5 15. Qxe5 a6 16. a4 f6 17. Qc5 Qxc5 18. dxc5 Bb7 19. axb5 Bxf3 20. gxf3 axb5 21. b4 cxb3 22. Rab1 Rfc8 23. Rfc1 Ra3 24. Kf1 Kf7 {Yu,Z (2220)-Fan,R (1701) Montreal 2014 ½-½ (48)}) 10... c5 11. e4 cxd4 12. e5 Nd5 13. O-O Nb4 14. Qe4 Nc5 15. Qg4 Nc6 16. a3 a5 17. Rfe1 Rd8 18. Ne4 Nxe4 19. Rxe4 a4 20. Bd3 Ra5 21. Rae1 b6 22. h4 h6 23. Qg3 Ba6 24. Bxa6 Rxa6 25. Rg4 Qf8 26. Qf4 Kh8 27. Rc1 b5 28. Qe4 Rd5 29. Rd1 Qg8 30. Qf4 Ra8 31. Rc1 Ne7 32. Rc7 Nf5 33. Qc1 d3 34. Re4 Rad8 35. Qd2 Rc8 36. Rc3 Qd8 37. h5 Kg8 38. g4 Rxc3 39. bxc3 Nh4 40. Nh2 Qg5 41. f4 Qxg4+ 0-1

[Event "TCh-FRA Top 16 GpA 2023"]
[Site "Chartres FRA"]
[Date "2023.06.02"]
[Round "2.2"]
[White "Dardha, Daniel"]
[Black "Grigoryan, K2."]
[Result "0-1"]
[WhiteElo "2631"]
[BlackElo "2626"]
[PlyCount "82"]
[EventDate "2023.06.01"]
[WhiteTeam "Cappelle la Grande"]
[BlackTeam "Lyon Olympique Echecs"]

1. d4 d5 2. c4 e6 3. Nf3 Nf6 4. cxd5 exd5 5. Nc3 c6 6. Bg5 Be7 7. Qc2 g6 8. e3 Bf5 9. Bd3 Bxd3 10. Qxd3 Nbd7 11. h4 O-O 12. O-O-O b5 ({RR} 12... Re8 13. Kb1 Ne4 14. Bxe7 Qxe7 15. h5 Nxf2 16. Qc2 Nxd1 17. Qxd1 Qxe3 18. hxg6 fxg6 19. Ka1 Nf6 20. Qb3 Qe7 21. Ne5 Qg7 22. a3 Nd7 23. Ng4 h5 24. Nf2 Nb6 25. Qc2 Re6 26. g4 Rf8 27. gxh5 {Mangudi,A (1841)-Cumpe,L (2366) chess.com INT 2026 0-1 (40)}) 13. Bxf6 Nxf6 14. Ne5 b4 $146 ({RR} 14... Qc7 15. Qc2 Bd6 16. Nd3 a5 17. Kb1 Rfb8 18. Rc1 Ra6 19. f3 Qa7 20. h5 a4 21. Nd1 b4 22. Qf2 Qe7 23. hxg6 fxg6 24. Qd2 Nd7 25. Re1 Nb6 26. Nc5 Ra5 27. Qxb4 Nc4 28. Qc3 Rxc5 {0-1 (28) Horvath,P (2452)-Fodor,I (2311) Hungary 2010}) 15. Na4 Ne4 16. Qc2 Rc8 17. f3 Ng3 18. Rh3 Nf5 19. f4 Qa5 20. Kb1 h5 21. g4 hxg4 22. Nxg4 c5 23. dxc5 Bxc5 24. Rxd5 Qa6 25. Qd1 Be7 26. e4 Rfd8 27. Rhd3 Rxd5 28. Rxd5 Ng3 29. Ne5 Nxe4 30. Qd3 Qxd3+ 31. Rxd3 Bxh4 32. Rd4 f5 33. Nxg6 Bf6 34. Rd7 Rc6 35. Rd5 Kf7 36. Ne5+ Bxe5 37. fxe5 Ke6 38. Rd8 f4 39. b3 f3 40. Rf8 f2 41. Kb2 Kxe5 0-1

[Event "7th Sharjah Masters 2024"]
[Site "Sharjah UAE"]
[Date "2024.05.18"]
[Round "5.11"]
[White "Nguyen, Thai Dai Van"]
[Black "Maurizzi, Marc'Andria"]
[Result "1/2-1/2"]
[WhiteElo "2650"]
[BlackElo "2618"]
[PlyCount "82"]
[EventDate "2024.05.14"]

1. d4 d5 2. c4 e6 3. Nf3 Nf6 4. g3 Bb4+ 5. Bd2 Be7 6. Bg2 Nbd7 7. O-O O-O 8. Qc2 c6 9. Bf4 Ne4 10. Rd1 ({RR} 10. h4 Ndf6 11. Nbd2 Nxd2 12. Nxd2 Nh5 13. Be3 f5 14. Bf3 Qe8 15. Bg5 Nf6 16. e3 b6 17. Rac1 Ba6 18. a3 Ne4 19. Bxe7 Qxe7 20. Be2 Bb7 21. b4 Rac8 22. c5 e5 23. dxe5 Qxe5 24. Nxe4 fxe4 {Meier,G (2648)-Carlsen,M (2843) Karlsruhe/Baden-Baden 2018 ½-½ (43)}) 10... f5 11. b3 $146 ({RR} 11. Ne1 g5 12. Bc1 Ndf6 13. Nd3 Nd6 14. b3 Nf7 15. Nc3 dxc4 16. bxc4 Qxd4 17. c5 Qc4 18. Rb1 Nd5 19. Bxd5 exd5 20. Rb4 Be6 21. Rxc4 dxc4 22. Nb2 Bxc5 23. Nca4 Be7 24. Be3 b5 25. Nc5 Bxc5 {Acosta,P (2465)-Arvind,C (2123) Chess.com INT 2020 1-0 (41)}) ({RR} 11. Ne1 Qe8 12. Nd3 g5 13. Bc1 Qg6 14. e3 Bd6 15. f3 Nef6 16. Nf2 g4 17. f4 h5 18. Nd3 h4 19. Ne5 Qh7 20. Nc3 Nh5 21. Qf2 hxg3 22. hxg3 Ndf6 23. Kf1 Bxe5 24. dxe5 Ne4 25. Nxe4 fxe4 {Kornienko,K (2402)-Shoboev,D (2257) Odintsovo RUS 2026 0-1 (69)}) 11... a5 12. Nc3 Bf6 13. Rac1 g5 14. Be3 Qe7 15. Ne1 Nd6 16. c5 Ne4 17. Nxe4 fxe4 18. Qd2 e5 19. f3 exd4 20. Bxd4 Bxd4+ 21. Qxd4 Nf6 22. fxe4 Nxe4 23. Bxe4 Qxe4 24. Qxe4 dxe4 25. Nc2 a4 26. b4 a3 27. Ne3 Be6 28. Rc2 Rfd8 29. Rxd8+ Rxd8 30. Kf2 Rd4 31. Rc3 Rxb4 32. Rxa3 Kf7 33. Ra7 Kf6 34. a4 Ke5 35. a5 Rb5 36. a6 bxa6 37. Rxa6 Rxc5 38. Ra7 h5 39. Rh7 h4 40. gxh4 gxh4 41. Rxh4 Rc1 1/2-1/2

[Event "AI Cup Div 2 W"]
[Site "chess.com INT"]
[Date "2023.09.25"]
[Round "1.2"]
[White "Gledura, B."]
[Black "Caruana, F."]
[Result "0-1"]
[WhiteElo "2633"]
[BlackElo "2786"]
[PlyCount "82"]
[EventDate "2023.09.25"]
[EventType "k.o."]

1. d4 d5 2. c4 e6 3. Nf3 Nf6 4. e3 Bd6 5. c5 Be7 6. b4 O-O ({RR} 6... b6 7. Bb2 a5 8. a3 O-O 9. Nbd2 axb4 10. axb4 Rxa1 11. Qxa1 bxc5 12. dxc5 c6 13. Bd3 Nbd7 14. O-O Bb7 15. e4 Qa8 16. e5 Ne8 17. Qxa8 Bxa8 18. Ra1 Nc7 19. Ra7 Rc8 20. Nb3 Bd8 21. Nbd4 {Nakamura,H (2807)-Klukin,K (2401) chess.com INT 2025 1-0 (44)}) 7. a4 b6 8. Qc2 $146 ({RR} 8. Ba3 a5 9. b5 c6 10. cxb6 Bxa3 11. Nxa3 Qxb6 12. Rc1 cxb5 13. Bxb5 Na6 14. O-O Nb4 15. Ne5 Ba6 16. Bxa6 Qxa6 17. Nb5 Rac8 18. Qf3 Rxc1 19. Rxc1 Rc8 20. Rxc8+ Qxc8 21. g4 Qc1+ 22. Kg2 Nc2 {Zemlyanskii,I (2549)-Bluebaum,M (2647) chess.com INT 2024 0-1 (51)}) 8... c6 9. Bd3 Qc7 10. Ba3 bxc5 11. bxc5 Ba6 12. O-O Bxd3 13. Qxd3 Nbd7 14. Nbd2 e5 15. Nxe5 Nxe5 16. dxe5 Qxe5 17. Nf3 Qc7 18. Nd4 Ng4 19. Nf3 Bf6 20. Rab1 Rab8 21. Bb4 Ne5 22. Nxe5 Qxe5 23. g3 h5 24. h4 Rfe8 25. Bd2 Qe4 26. Qxe4 dxe4 27. Rfc1 Rxb1 28. Rxb1 Rd8 29. Be1 Rd5 30. Kf1 Rxc5 31. Rb7 a5 32. Ra7 Rc1 33. Ke2 Ra1 34. Ra6 Ra2+ 35. Kd1 Rxa4 36. Rxc6 Ra1+ 37. Ke2 a4 38. Ba5 a3 39. Bd8 Bb2 40. Be7 a2 41. Ra6 Bc3 0-1

[Event "Candidates Tournament"]
[Site "Berlin"]
[Date "2018.03.23"]
[Round "11"]
[White "So, Wesley"]
[Black "Mamedyarov, Shakhriyar"]
[Result "1/2-1/2"]
[WhiteElo "2799"]
[BlackElo "2809"]
[PlyCount "81"]
[EventDate "2018.03.10"]
[EventType "tourn"]
[EventRounds "14"]
[EventCountry "GER"]
[EventCategory "22"]
[SourceTitle "CBM 184"]
[Source "ChessBase"]
[SourceDate "2018.05.16"]
[SourceVersion "1"]
[SourceVersionDate "2018.05.16"]
[SourceQuality "1"]

1. d4 Nf6 2. c4 e6 3. Nf3 d5 4. g3 Be7 5. Bg2 O-O 6. O-O dxc4 7. Qc2 c6 8. Qxc4 b5 9. Qc2 Bb7 10. Nc3 Nbd7 11. Rd1 Qb6 12. Ne5 Rfd8 13. Be3 ({RR} 13. Bg5 Nxe5 14. dxe5 Rxd1+ 15. Nxd1 Nd5 16. Bxe7 Nxe7 17. Rc1 Rd8 18. b4 Ng6 19. Qc3 Qd4 20. Ne3 Qxc3 21. Rxc3 Nxe5 22. f4 Ng6 23. Kf2 e5 24. f5 Ne7 25. Ke1 Kf8 26. Rc5 f6 27. g4 Rd6 {Kolimar,K (2359)-Palczert,M (2438) Budapest HUN 2026 0-1 (58)}) 13... Nd5 14. Nxd5 cxd5 15. Rac1 $146 ({RR} 15. Nd3 Rac8 16. Qd2 a5 17. Rac1 b4 18. Rxc8 Rxc8 19. Rc1 Rc6 20. Bf3 h6 21. Kg2 Qc7 22. Rxc6 Qxc6 23. h4 Qc4 24. b3 Qc6 25. Qb2 Qc8 26. Ne5 Nxe5 27. dxe5 Ba6 28. Bd4 Qc7 29. Qd2 Bb5 {Sjugirov,S (2638)-Esipenko,A (2695) chess.com INT 2025 ½-½ (43)}) 15... Rac8 16. Qd3 b4 17. Rxc8 Bxc8 18. Qc2 Nxe5 19. dxe5 d4 20. Bxd4 Rxd4 21. Qxc8+ Rd8 22. Rxd8+ Qxd8 23. Qxd8+ Bxd8 24. b3 Bc7 25. f4 Bb6+ 26. Kf1 Be3 27. h4 h5 28. Bh3 Kf8 29. Kg2 Ke7 30. Kf3 Bd2 31. e3 Be1 32. f5 exf5 33. Bxf5 g6 34. Bd3 Bc3 35. Kf4 Be1 36. Bc4 Bf2 37. Bd5 Be1 38. g4 hxg4 39. Kxg4 Bc3 40. Kf4 Be1 41. Kg4 1/2-1/2

[Event "RUS-ch Higher League 70th"]
[Site "Sochi"]
[Date "2017.07.09"]
[Round "7"]
[White "Dubov, Daniil"]
[Black "Alekseev, Evgeny V"]
[Result "1-0"]
[WhiteElo "2658"]
[BlackElo "2607"]
[PlyCount "79"]
[EventDate "2017.07.02"]
[EventType "swiss"]
[EventRounds "9"]
[EventCountry "RUS"]
[SourceTitle "CBM 180"]
[Source "ChessBase"]
[SourceDate "2017.09.13"]
[SourceVersion "1"]
[SourceVersionDate "2017.09.13"]
[SourceQuality "1"]

1. d4 Nf6 2. c4 e6 3. Nf3 d5 4. Bg5 Bb4+ 5. Nbd2 dxc4 6. Qa4+ Nc6 7. e3 Bd7 8. Qc2 b5 9. a3 ({RR} 9. a4 a6 10. Bxf6 gxf6 11. Be2 Ba5 12. O-O O-O 13. Rfd1 f5 14. Nf1 Nb4 15. Qc1 Nd5 16. axb5 axb5 17. Ng3 c3 18. b4 Bxb4 19. Rxa8 Qxa8 20. e4 fxe4 21. Qg5+ Kh8 22. Nh5 Rg8 23. Qe5+ f6 {Dziubinski,P (1970)-Bajno,A (1820) Polanica Zdroj 2025 1-0 (43)}) 9... Be7 10. b3 cxb3 11. Nxb3 Rb8 $146 ({RR} 11... a6 12. e4 h6 13. Be3 O-O 14. Bd3 Rc8 15. O-O Nb8 16. Ne5 Be8 17. f4 c5 18. dxc5 Nfd7 19. Nxd7 Bxd7 20. e5 Qc7 21. Rac1 Bc6 22. Qe2 Bd5 23. Nd4 Nd7 24. a4 Bxc5 25. axb5 Qb6 26. Qf2 {Polgar,Z (2400)-Heyken,E (2350) Copenhagen 1986 ½-½}) 12. Bd3 h6 13. Bh4 Nd5 14. Bg3 Bd6 15. O-O Bxg3 16. hxg3 O-O 17. e4 Nf6 18. Rfe1 Be8 19. Rad1 Rb6 20. Qc1 Ne7 21. Nc5 Nd7 22. Bb1 Qc8 23. d5 Nxc5 24. Qxc5 Ng6 25. e5 exd5 26. Nd4 Bd7 27. f4 Re8 28. e6 Bxe6 29. f5 Nf8 30. fxe6 Nxe6 31. Qc2 Ng5 32. Nc6 Rxe1+ 33. Rxe1 Kh8 34. Re5 Qd7 35. Rxg5 g6 36. Qb2+ Kh7 37. Ne5 Qe7 38. Rh5 Re6 39. Qd2 Kg8 40. Qxh6 1-0

[Event "Titled Tue 2nd Dec 2025"]
[Site "chess.com INT"]
[Date "2025.12.02"]
[Round "10"]
[White "Martirosyan, Haik M."]
[Black "Carlsen, M."]
[Result "1/2-1/2"]
[WhiteElo "2625"]
[BlackElo "2839"]
[PlyCount "80"]
[EventDate "2025.12.02"]

1. d4 d5 2. c4 e6 3. Nf3 a6 4. cxd5 exd5 5. Nc3 c6 6. Bf4 Bd6 7. Bxd6 Qxd6 8. Qb3 Ne7 9. e3 O-O 10. Bd3 Nd7 11. O-O Nf6 12. Rfe1 $146 ({RR} 12. Qc2 g6 13. Rab1 Bf5 14. b4 Rfe8 15. a4 Rac8 16. a5 Bxd3 17. Qxd3 Nf5 18. Na4 Rc7 19. Nc5 Ne4 20. Ne5 Qd8 21. Qc2 Qh4 22. Nxe4 dxe4 23. b5 axb5 24. Rxb5 f6 25. Qb3+ Kf8 26. Rxb7 Rxb7 {Engqvist,T (2330)-Cederstam Barsk,C (2332) Uppsala 2022 ½-½ (82)}) ({RR} 12. h3 Rb8 13. Rfc1 Bf5 14. Be2 Ne4 15. Na4 Ng6 16. Nc5 Qe7 17. Qa3 Nd6 18. b4 Nh4 19. Qb3 Nxf3+ 20. Bxf3 Be4 21. Qd1 f5 22. g3 g5 23. Bg2 f4 24. exf4 gxf4 25. Qg4+ Kh8 26. Qe6 Rbe8 {Rustemov,A (2525)-Baches Garcia,G (2305) chess.com INT 2026 1-0 (42)}) ({RR} 12. Rac1 Bf5 13. Bxf5 Nxf5 14. Na4 Rab8 15. Nc5 Nd7 16. Nxd7 Qxd7 17. Ne5 Qe7 18. Rc3 Rbc8 19. Rfc1 Rfd8 20. Qb6 Nd6 21. Rb3 c5 22. Rbc3 c4 23. R3c2 f6 24. Nf3 Qc7 25. Qb4 b5 26. Qe1 a5 {Uhlmann,W (2475)-Loeffler,S (2440) Germany 1994 ½-½ (74)}) 12... Bf5 13. Bxf5 Nxf5 14. e4 dxe4 15. Nxe4 Nxe4 16. Rxe4 Qd7 17. Rae1 Rad8 18. Qb6 Nd6 19. Re7 Qf5 20. Qc5 Qf6 21. h3 h6 22. Qb4 b5 23. Qc5 Nf5 24. Rc7 Nxd4 25. Nxd4 Qxd4 26. Qxd4 Rxd4 27. Rxc6 Rd2 28. Rxa6 Rc8 29. b4 Rb2 30. a3 Rcc2 31. Rf1 Ra2 32. Ra5 Rcb2 33. h4 g6 34. g3 Kg7 35. Kg2 h5 36. Rxb5 Rxa3 37. Rb7 Rab3 38. b5 Rxb5 39. Rxb5 Rxb5 40. Re1 Rb2 1/2-1/2

[Event "Clash of Claims 2024"]
[Site "Madrid ESP"]
[Date "2024.06.09"]
[Round "27"]
[White "Kramnik, V."]
[Black "Martinez Alcantara, Jose Eduardo"]
[Result "1/2-1/2"]
[WhiteElo "2753"]
[BlackElo "2612"]
[PlyCount "80"]
[EventDate "2024.06.07"]

1. d4 d5 2. c4 e6 3. Nf3 Nf6 4. e3 Bd6 5. Nc3 O-O 6. c5 Be7 7. b4 b6 8. Bb2 ({RR} 8. Rb1 a5 9. a3 axb4 10. axb4 bxc5 11. bxc5 c6 12. Bd3 Nbd7 13. O-O e5 14. dxe5 Ng4 15. Nd4 Ndxe5 16. Be2 Qd7 17. f4 Nc4 18. Bxg4 Qxg4 19. Nxc6 Bxc5 20. Qxg4 Bxg4 21. Nxd5 Bd7 22. Nd4 Rfd8 {Kramnik,V (2753)-Bluebaum,M (2663) chess.com INT 2023 ½-½ (54)}) 8... c6 9. Bd3 $146 ({RR} 9. a3 Qc7 10. Bd3 Ba6 11. Ne5 Bxd3 12. Nxd3 Nbd7 13. O-O a5 14. Qc2 Qb7 15. h3 h6 16. Rfb1 axb4 17. axb4 Rxa1 18. Rxa1 Ra8 19. Rxa8+ Qxa8 20. Qa4 Qxa4 21. Nxa4 b5 22. Nc3 Ne4 23. Ne2 Nd2 {Andreikin,D (2729)-Yu Yangyi (2729) chess.com INT 2023 1-0 (50)}) 9... Ba6 10. O-O Bxd3 11. Qxd3 Nbd7 12. Rfc1 Qc7 13. Rab1 Rfb8 14. Ba1 Qc8 15. h3 Bd8 16. Ne2 bxc5 17. dxc5 Ne4 18. Nd2 Nxd2 19. Qxd2 Bf6 20. Bxf6 Nxf6 21. a4 a6 22. Nd4 e5 23. Nf3 Qe6 24. b5 axb5 25. axb5 cxb5 26. c6 Rc8 27. Qc3 Ne4 28. Qxe5 Rxc6 29. Rxc6 Qxc6 30. Nd4 Qd6 31. Qxd6 Nxd6 32. Nc6 Kf8 33. Rd1 Rc8 34. Nb4 Rc5 35. Nxd5 Ne4 36. g4 Rc2 37. Nb4 Rc4 38. Nd5 Rc2 39. Nb4 Rc4 40. Nd5 Rc2 1/2-1/2

[Event "FIDE Grand Swiss 2023"]
[Site "Douglas IOM"]
[Date "2023.11.04"]
[Round "10.21"]
[White "Tabatabaei, M."]
[Black "Narayanan, SL."]
[Result "1/2-1/2"]
[WhiteElo "2685"]
[BlackElo "2651"]
[PlyCount "80"]
[EventDate "2023.10.25"]

1. c4 c5 2. Nf3 Nf6 3. e3 e6 4. d4 d5 5. cxd5 exd5 6. Bb5+ Nc6 7. O-O cxd4 8. exd4 Be7 ({RR} 8... Bd6 9. Re1+ Be6 10. Nc3 h6 11. Ne5 O-O 12. Bf4 Rc8 13. Rc1 Bb8 14. Bxc6 bxc6 15. Na4 Ne4 16. f3 Qf6 17. Be3 Ng5 18. Nc5 Rfe8 19. Qd2 Bf5 20. Kh1 Nh7 21. Bf4 Nf8 22. Bg3 Re7 23. Qf2 {Erigaisi,A (2761)-Nosach,R (2310) chess.com INT 2026 1-0 (41)}) 9. Nc3 Bg4 $146 ({RR} 9... O-O 10. h3 Bf5 11. Bg5 h6 12. Bh4 Rc8 13. Bd3 Ne4 14. Bxe7 Nxe7 15. Ne2 Qb6 16. Rb1 Nc6 17. a3 Rfe8 18. b4 a6 19. Qb3 Rcd8 20. Rfd1 Ne7 21. Rbc1 Qf6 22. Bb1 Nc6 23. Re1 Re7 24. b5 {Nakamura,H (2768)-Nihal,S (2670) chess.com INT 2022 0-1}) 10. Qa4 O-O 11. Ne5 Na5 12. Nxg4 Nxg4 13. h3 Nf6 14. Re1 a6 15. Bd3 Nc6 16. Be3 h6 17. a3 Bd6 18. Qd1 Re8 19. Qf3 Bc7 20. Na4 Ne4 21. b4 Bb6 22. Nc5 Bxc5 23. dxc5 a5 24. b5 Ne5 25. Qd1 Rc8 26. Bxe4 dxe4 27. Qxd8 Rexd8 28. Rec1 f5 29. Rc3 Kf7 30. Rb1 Rd3 31. Rxd3 Nxd3 32. c6 bxc6 33. b6 c5 34. b7 Rb8 35. Bd2 Ke7 36. Bxa5 Kd7 37. a4 Kc6 38. Rb6+ Kc7 39. Rb5+ Kc6 40. Rb6+ Kc7 1/2-1/2

[Event "EU-chT (Men) 20th"]
[Site "Reykjavik"]
[Date "2015.11.20"]
[Round "7.2"]
[White "Sargissian, Gabriel"]
[Black "Duda, Jan Krzysztof"]
[Result "1/2-1/2"]
[WhiteElo "2689"]
[BlackElo "2658"]
[PlyCount "80"]
[EventDate "2015.11.13"]
[EventType "team-swiss"]
[EventRounds "9"]
[EventCountry "ISL"]
[SourceTitle "CBM 170"]
[Source "ChessBase"]
[SourceDate "2016.01.15"]
[SourceVersion "1"]
[SourceVersionDate "2016.01.15"]
[SourceQuality "1"]
[WhiteTeam "Armenia"]
[BlackTeam "Poland"]
[WhiteTeamCountry "ARM"]
[BlackTeamCountry "POL"]
[WhiteClock "1:13:15"]
[BlackClock "1:11:58"]

1. d4 d5 2. c4 c6 3. Nf3 Nf6 4. e3 e6 5. b3 c5 6. cxd5 Nxd5 7. Bb2 cxd4 8. Nxd4 Bb4+ 9. Nd2 O-O 10. a3 Bc3 11. Bxc3 Nxc3 12. Qc2 Nd5 13. Bd3 h6 14. N2f3 $146 ({RR} 14. O-O Bd7 15. Bh7+ Kh8 16. Be4 Nc6 17. Bxd5 Nxd4 18. exd4 exd5 19. Rfe1 Rc8 20. Qd3 Qc7 21. Nf3 Be6 22. h3 Kg8 23. Qb5 Qc6 24. Qb4 Rc7 25. Ne5 Qc3 26. Qd6 Rcc8 27. Ng6 Rfd8 28. Ne7+ Kf8 {Moradiabadi,E (2564)-Boros,D (2469) South Padre Island 2014 ½-½ (31)}) ({RR} 14. O-O e5 15. N4f3 Qe7 16. Nc4 Nc6 17. Bh7+ Kh8 18. Be4 Rd8 19. Rfd1 Be6 20. Rd2 Nb6 21. Bxc6 Nxc4 22. bxc4 bxc6 23. Nxe5 Qc5 24. Nf3 Rxd2 25. Nxd2 Rb8 26. Qc3 a5 27. Rc1 a4 28. h3 Bf5 {Wang,S (2392)-Battulga,N (2425) Xingtai 2019 1-0 (46)}) 14... Bd7 15. O-O Nc6 16. Qb2 Qf6 17. Rac1 Rfd8 18. Rc2 Rac8 19. Rfc1 Nxd4 20. Qxd4 Rxc2 21. Rxc2 Qxd4 22. Nxd4 Be8 23. Be2 Kf8 24. h4 Ne7 25. Kf1 Rc8 26. Rxc8 Nxc8 27. f4 Nd6 28. Bf3 Ke7 29. Ke2 f6 30. g4 e5 31. fxe5 fxe5 32. Nf5+ Nxf5 33. gxf5 b6 34. e4 Kd6 35. b4 a5 36. Ke3 Bb5 37. Bh5 axb4 38. axb4 Bc4 39. Be8 Ke7 40. Bh5 Kf6 1/2-1/2

[Event "Titled Tue 28th Nov Early"]
[Site "chess.com INT"]
[Date "2023.11.28"]
[Round "7"]
[White "Deac, Bogdan-Daniel"]
[Black "Bacrot, E."]
[Result "1-0"]
[WhiteElo "2700"]
[BlackElo "2668"]
[PlyCount "79"]
[EventDate "2023.11.28"]

1. d4 d5 2. c4 e6 3. Nf3 Nf6 4. g3 Bd6 5. Bg2 O-O 6. O-O h6 7. b3 Nc6 8. Bb2 b6 9. Nc3 Bb7 10. Rc1 Re8 ({RR} 10... a6 11. e3 Re8 12. Nd2 Bf8 13. Qe2 Qd7 14. Rfd1 a5 15. a3 Rad8 16. Nf3 Qc8 17. Nb5 Ba6 18. Qc2 Nb8 19. Ne5 c6 20. Nc3 Nbd7 21. Na4 b5 22. cxb5 cxb5 23. Qb1 Qb7 24. Nc5 Bxc5 25. dxc5 {Stein,R (2401)-Spyratos,N (2180) Karlsruhe GER 2026 1-0 (61)}) 11. Re1 a6 12. e3 dxc4 $146 ({RR} 12... Ne4 13. Nxe4 dxe4 14. Nd2 f5 15. a3 Nb8 16. b4 c5 17. bxc5 bxc5 18. Nb3 Nd7 19. Qd2 Rb8 20. Red1 Bf8 21. d5 exd5 22. cxd5 Ne5 23. Nxc5 Bxc5 24. Rxc5 Nd3 25. Qc3 Re7 26. Rxd3 exd3 27. Qxd3 {Sosa,T (2519)-Moskalenko,V (2403) Santa Cruz de La Palma ESP 2025 1-0 (37)}) 13. bxc4 Rb8 14. Nd2 e5 15. d5 Nb4 16. Nde4 Nxe4 17. Bxe4 a5 18. Bb1 Bc8 19. a3 Na6 20. Qc2 f5 21. e4 Rf8 22. f4 exf4 23. e5 Bc5+ 24. Kh1 fxg3 25. e6 Qh4 26. Qg2 Bd6 27. Nb5 Bf4 28. Rc3 Nc5 29. Rf3 Ba6 30. Ref1 Bg5 31. Rxg3 Bxb5 32. cxb5 Rbe8 33. Bxf5 Qc4 34. h4 Qxh4+ 35. Rh3 Qc4 36. Rg3 Rxf5 37. Rxf5 Ne4 38. Rg4 g6 39. Rxe4 Qd3 40. Rxg5 1-0

[Event "Buenos Aires Szmetan Giardelli"]
[Site "Buenos Aires"]
[Date "2018.12.05"]
[Round "2"]
[White "Mareco, Sandro"]
[Black "Flores, Diego"]
[Result "1/2-1/2"]
[WhiteElo "2656"]
[BlackElo "2631"]
[PlyCount "79"]
[EventDate "2018.12.04"]
[EventType "tourn"]
[EventRounds "11"]
[EventCountry "ARG"]
[EventCategory "13"]
[SourceTitle "CBM 187 Extra"]
[Source "ChessBase"]
[SourceDate "2018.11.04"]
[SourceVersion "1"]
[SourceVersionDate "2018.11.04"]
[SourceQuality "1"]

1. d4 Nf6 2. c4 e6 3. Nf3 d5 4. e3 g6 5. b3 Nbd7 6. Nc3 Bg7 7. Bd3 O-O 8. O-O dxc4 $146 ({RR} 8... c5 9. cxd5 exd5 10. Bb2 b6 11. Rc1 Bb7 12. Na4 Rc8 13. Ba3 Ne4 14. dxc5 Ndxc5 15. Nxc5 bxc5 16. Bxe4 dxe4 17. Nd2 Qd3 18. Nc4 Rfd8 19. Qxd3 exd3 20. Rfd1 Ba6 21. Rd2 Rd5 22. Bb2 Bxc4 23. bxc4 {Chiburdanidze,M (2500)-Batsiashvili,N (2422) Monte Carlo 2019 ½-½ (33)}) ({RR} 8... b6 9. Ne5 Nxe5 10. dxe5 Ne8 11. f4 d4 12. Ne4 Bb7 13. Ba3 c5 14. Nxc5 bxc5 15. Bxc5 dxe3 16. Bxf8 Bxf8 17. a3 Qd4 18. Be2 Qb2 19. Qd3 Rd8 20. Qxe3 Rd2 21. Bf3 Bc5 22. Qxc5 Bxf3 23. Qf2 {Dattani,D (1376)-Perez,M (1673) Toronto 2007 0-1}) 9. Bxc4 b6 10. Ba3 Re8 11. Qe2 a6 12. Rfd1 Bb7 13. Rac1 Qb8 14. e4 c5 15. dxc5 Nxc5 16. Bxc5 bxc5 17. Bd3 Qf4 18. h3 c4 19. bxc4 Nd7 20. Na4 Bc6 21. Bc2 Red8 22. g3 Qc7 23. Rb1 Rac8 24. Qe3 Bf8 25. Qc3 Rb8 26. Rxb8 Rxb8 27. a3 Bg7 28. Qe3 Qa5 29. Qd2 Qxd2 30. Rxd2 Bf8 31. Nd4 Bxa4 32. Bxa4 Nb6 33. Bb3 Bxa3 34. Nc6 Rc8 35. Ra2 Bf8 36. Ne5 Ra8 37. Rc2 Rc8 38. Ra2 Ra8 39. Rc2 Rc8 40. Ra2 1/2-1/2

[Event "RUS-chT 10th Group1"]
[Site "Togliatti"]
[Date "2003.05.17"]
[Round "2"]
[White "Morozevich, Alexander"]
[Black "Grischuk, Alexander"]
[Result "1-0"]
[WhiteElo "2678"]
[BlackElo "2701"]
[PlyCount "79"]
[EventDate "2003.05.16"]
[EventType "team-tourn"]
[EventRounds "6"]
[EventCountry "RUS"]
[SourceTitle "EXT 2020"]
[Source "ChessBase"]
[SourceDate "2019.10.17"]
[SourceVersion "1"]
[SourceVersionDate "2019.10.17"]
[SourceQuality "1"]
[WhiteTeam "Tomsk 400"]
[BlackTeam "Sverdlovsk Ural region"]
[WhiteTeamCountry "RUS"]
[BlackTeamCountry "RUS"]

1. c4 e6 2. Nf3 d5 3. d4 c5 4. cxd5 exd5 5. Bg5 Be7 6. Bxe7 Qxe7 7. e3 Nf6 8. Be2 O-O 9. O-O Nc6 10. dxc5 Qxc5 11. Nc3 Rd8 12. Rc1 Qb4 13. Qc2 $146 ({RR} 13. Na4 Bg4 14. a3 Qe7 15. Re1 Rac8 16. Nc3 h6 17. h3 Bh5 18. Nd4 Bxe2 19. Rxe2 Ne4 20. Rec2 Qd7 21. Nxc6 Rxc6 22. Nxe4 Rxc2 23. Nf6+ gxf6 24. Rxc2 d4 25. Rd2 d3 26. Qg4+ Qxg4 27. hxg4 Kg7 {Ree,H (2480)-Xu,J Thessaloniki 1984 ½-½ (41)}) ({RR} 13. Na4 Bg4 14. a3 Qe7 15. Re1 Rac8 16. h3 Bh5 17. Nc3 h6 18. Nd4 Bxe2 19. Rxe2 Ne4 20. Rec2 Qe8 21. Nce2 Ne7 22. Rc7 Nd6 23. Nf4 Rxc7 24. Rxc7 Rc8 25. Qc2 Qd8 26. Rc5 Nc4 27. Rxc8 Qxc8 {Aronian,L (2781)-Kotronias,V (2599) Bursa 2010 ½-½ (49)}) ({RR} 13. Na4 Bg4 14. Rc5 Bxf3 15. Bxf3 Ne5 16. Be2 b6 17. Rc1 d4 18. a3 Qd6 19. exd4 Qxd4 20. Qxd4 Rxd4 21. Bb5 Rad8 22. Nc3 Kf8 23. Rc2 g6 24. Re1 Nd3 25. Rd1 Nc5 26. Rxd4 Rxd4 27. f3 a5 {Kortschnoj,V (2605)-Piket,J (2590) Nijmegen 1993 ½-½ (33)}) 13... d4 14. a3 Qe7 15. Nxd4 Nxd4 16. exd4 Rxd4 17. Nb5 Rd8 18. Nxa7 Bf5 19. Qxf5 Qxe2 20. Qb5 Re8 21. Qxb7 Rab8 22. Qc6 Rxb2 23. Nc8 Re6 24. Qc7 h6 25. Nd6 Kh7 26. h3 Rd2 27. Nf5 Rd7 28. Qb8 Qd3 29. Ng3 Qxa3 30. Rc8 g6 31. Kh2 Qd6 32. Qa8 h5 33. Rd1 Qe7 34. Rxd7 Nxd7 35. Rh8+ Kg7 36. Qg8+ Kf6 37. f4 Rb6 38. Qc8 Kg7 39. Nf5+ gxf5 40. Qg8+ 1-0